| 000 | 00697nam a2200217Ii 4500 | ||
|---|---|---|---|
| 003 | JO-AjNU | ||
| 008 | 230606s9999||||xx |||||||||||||| ||und|| | ||
| 020 | _a0-13-114014-0 | ||
| 040 |
_aJO-AjNU _beng _erda _cJO-AjNU |
||
| 041 | _aeng | ||
| 050 | 1 | 4 | _aHF5691.R68 2005 |
| 100 | 3 |
_aRoueche,Nelda W / Graves, Virginia H / Tuttle, Michael D, _eauthor _91834 |
|
| 245 | 0 | 0 | _aBusiness Mathematics : A Collegiate Approach |
| 250 | _a9th ed | ||
| 264 | 3 | 1 | _aNew Jersey: Prentice- Hall ,2005 |
| 300 |
_a732p _bIncludes appendix indexes(p718-732) |
||
| 336 |
_atext _btxt _2rdacontent |
||
| 337 |
_aunmediated _bn _2rdamedia |
||
| 338 |
_avolume _bnc _2rdacarrier |
||
| 650 | 4 |
_aBusiness Mathematics _91835 |
|
| 999 |
_aE967 _c967 _d967 |
||